|
|
|
|
| LEADER |
00000nam a2200000 a 4500 |
| 001 |
vtls008293900 |
| 003 |
SK-MaSNL |
| 005 |
20260302074122.0 |
| 008 |
240123s2005 xo g 001 0 hun |
| 015 |
|
|
|a SNBA2005/09-03305
|
| 020 |
|
|
|a 8071497282 (brož.)
|
| 035 |
|
|
|a 832F7499-2D33-478B-8AD7-0F6584A2C3BB
|
| 035 |
|
|
|a urn:nbn:sk:snk-amld74
|
| 035 |
|
|
|a urn:nbn:sk:snk-am0090me
|
| 040 |
|
|
|a SNK
|b slo
|c SNK
|e AACR2
|
| 041 |
0 |
|
|a hun
|a slo
|
| 044 |
|
|
|a xo
|c SK
|
| 072 |
|
7 |
|a 81
|x Jazykoveda. Jazyky
|2 konspekt
|
| 080 |
|
|
|a 81'42
|2 MDT-MRF
|
| 080 |
|
|
|a 811.511.141
|2 MDT-MRF
|
| 080 |
|
|
|a 811.162.4
|2 MDT-MRF
|
| 080 |
|
|
|a 81'27/'28
|2 MDT-MRF
|
| 080 |
|
|
|a (048.8)
|2 MDT-MRF
|
| 080 |
|
|
|a 81'246.2
|2 MDT-MRF
|
| 245 |
1 |
0 |
|a Tanulmányok a kétnyelvűségről
|n III.
|c szerkesztette Lanstyák István és Menyhárt József
|
| 250 |
|
|
|a 1. kiad.
|
| 260 |
|
|
|a Pozsony
|b Kalligram
|c 2005
|
| 300 |
|
|
|a 298 s.
|b grafy
|c 24 cm
|
| 490 |
1 |
|
|a Gramma könyvek
|
| 500 |
|
|
|a Tir. aj slov. Čiast. text slov.
|
| 500 |
|
|
|a Reg. Zozn. Pozn.
|
| 504 |
|
|
|a Bibliogr. odkazy
|
| 546 |
|
|
|a Res. angl., slov.
|
| 650 |
0 |
7 |
|a bilingvizmus
|z Slovensko
|2 SNKPH
|9 739351
|
| 650 |
0 |
7 |
|a striedanie kódov (lingvistika)
|2 SNKPH
|9 172125
|
| 650 |
0 |
7 |
|a maďarčina
|2 SNKPH
|9 1492
|
| 650 |
0 |
7 |
|a slovenčina
|2 SNKPH
|9 1350
|
| 650 |
0 |
7 |
|a jazyková situácia
|z Slovensko
|2 SNKPH
|9 353545
|
| 655 |
|
7 |
|a štúdie
|2 SNKPH
|9 57033
|
| 700 |
1 |
|
|a Lanstyák, István,
|d 1959-
|9 86473
|
| 700 |
1 |
|
|a Menyhárt, József,
|d 1976-
|9 110280
|
| 752 |
|
|
|a Slovensko
|d Bratislava
|
| 830 |
|
0 |
|a Gramma könyvek
|9 586152
|
| 919 |
|
|
|a 80-7149-728-2
|
| 958 |
|
|
|a OND
|
| 968 |
|
|
|d 81
|
| 999 |
|
|
|c 1163769
|d 1165699
|
| 952 |
|
|
|a SNK
|b SNK
|y PREZ
|7 0
|p 17A0480768
|o snkSC 109945/3
|i snk2005/14019
|8 0
|0 0
|1 0
|4 0
|d 2005-08-10
|f 1
|l 0
|r 2025-09-30 00:00:00
|w 2026-02-24
|
| 952 |
|
|
|a SNK
|b SNK
|y VYP
|7 0
|p 17A0480769
|o snkSC 109945/3 D1
|i snk2005/14020
|8 0
|0 0
|1 0
|4 0
|d 2005-08-10
|l 0
|r 2026-02-24 20:41:10
|w 2026-02-24
|